| 000 | 02542 a2200253 4500 | ||
|---|---|---|---|
| 001 | 2162214035926770 | ||
| 003 | UA-OsUOA | ||
| 005 | 20260430101540.0 | ||
| 008 | 260430b un a|||| |||| 00| p ukr d | ||
| 020 | _a966359084х | ||
| 040 |
_aUA-OsUOA _bukr _cUA-OsUOA _dUA-OsUOA |
||
| 041 | _aukr | ||
| 080 | _a821.161.2 | ||
| 090 |
_a821.161.2 _bШ96 |
||
| 100 |
_aШунь М. _925138 |
||
| 245 |
_aВерлібріарій. Абетка _bВірші _cМарія Шунь |
||
| 260 |
_aКиїв _bФакт _c2006 |
||
| 300 | _a408 с. | ||
| 520 | _aЗбірка поезій відомої української поетки Марії Шунь, яка народилася на Львівщині, а зараз мешкає в Нью-Йорку, містить дві майже самодостатні частини — «Верлібріарій» і «Абетку-Аптечку та Абетку-Боговедку». Другу частину разом із батьками читатимуть як дошкільнята, так і доросліші діти, оскільки світ «Абеток» Марії Шунь за змістом близький читачам будь-якого віку, бо то одвічний світ зел, квітів, дерев та сутностей, що живуть у них. Її «доросла» поезія надзвичайно ущільнена метафорикою, урбаністична й водночас абсолютно легка, подеколи це є експериментування — чи витримає вона тягар і поквап життя. Це є гра слів. Це є верлібр — тому й верлібріарій... Велика гра зі собою: чи зуміє людина, притому іще зі Східної Європи, притому іще з України, вижити як біологічна істота та ще й разом із поезією у нетрях Нью-Йорка чи іншої Великої Нудьги. Випробування на самодостатність, бо все інше, «як мовлять у нас у Нью-Йорку — просто бла-бла»... Поет вижив. Читайте Марію Шунь! | ||
| 650 |
_a82 Література. Літературознавство _915 |
||
| 942 |
_cBK _2udc |
||
| 955 | _a3 | ||
| 999 |
_c580622 _d580622 |
||